[Event "Hastings7980"]
[Site "Hastings"]
[Date "1979.??.??"]
[Round "2"]
[White "Biyiasas, Peter"]
[Black "Mestel, A Jonathan"]
[Result "1-0"]
[WhiteElo "2485"]
[BlackElo "2475"]

1.Nf3 d5 2.g3 g6 3.Bg2 Bg7 4.O-O e5 5.d3 Ne7 6.e4 O-O 7.exd5 Nxd5 8.Re1 Nc6
9.Nc3 Nde7 10.Bg5 h6 11.Bd2 Re8 12.Rb1 a5 13.Nb5 Nd5 14.a3 Bf5 15.Qe2 Qd7
16.Qf1 Re7 17.Nc3 Nf6 18.Rbd1 Bg4 19.Nb5 Qf5 20.Nh4 Qh5 21.f3 Be6 22.Bh1 Nd5
23.Qf2 g5 24.Ng2 Nd4 25.Nxd4 exd4 26.f4 Rae8 27.f5 Bd7 28.Rxe7 Rxe7 29.Re1 Nf6
30.Rxe7 Ng4 31.Nf4 gxf4 32.Bf3 Qg5 33.Qe2 Nxh2 34.Kxh2 Qxg3+ 35.Kh1 Qh3+
36.Kg1 Qg3+ 37.Bg2 Bc6 38.Re8+ Kh7 39.Re4 Bxe4 40.Qxe4 Qg4  1-0

[Event "Hastings7980"]
[Site "Hastings"]
[Date "1979.??.??"]
[Round "13"]
[White "Biyiasas, Peter"]
[Black "Zilber, Israel"]
[Result "0-1"]
[WhiteElo "2485"]
[BlackElo "2410"]

1.Nf3 d5 2.g3 g6 3.Bg2 Bg7 4.d4 Nf6 5.O-O O-O 6.Nbd2 Nc6 7.b3 Ne4 8.Bb2 Bf5
9.Nh4 Nxd4 10.Nxf5 gxf5 11.Kh1 Ne6 12.Bxg7 Nxg7 13.c4 c6 14.cxd5 cxd5 15.Nxe4 fxe4
16.Rc1 e6 17.f3 f5 18.Qd4 Qb6 19.Qe5 Rac8 20.g4 exf3 21.Bxf3 Qd8 22.gxf5 Rxf5
23.Qe3 b6 24.Rxc8 Qxc8 25.Rc1 Qd7 26.Qc3 h5 27.Bg2 Qf7 28.Qd3 Qe7 29.Qg3 Qg5
30.Rc8+ Kh7 31.Qd3 Qg6 32.Rc7 Rg5 33.Qxg6+ Kxg6 34.Rxa7 Nf5 35.Rb7 Ne3 36.Bf3 h4
37.Rxb6 Kf5 38.h3 e5 39.Rh6 e4 40.Bh5 Kf4 41.Be8 Nf5 42.Rf6 Ke3 43.a4 d4
44.Rg6 Ng3+ 45.Kg2 Rxg6 46.Bxg6 Nxe2 47.a5 d3 48.Bxe4 Kxe4 49.a6 Nf4+ 50.Kf2 Nd5
51.a7 Nb6 52.Ke1 Ke3 53.Kd1 d2 54.b4 Na8 55.b5 Nb6  0-1

[Event "NLD-ch"]
[Site "Leeuwarden"]
[Date "1979.??.??"]
[Round "2"]
[White "Van der Vliet, Fred"]
[Black "Sosonko, Gennadi"]
[Result "1/2-1/2"]
[WhiteElo "2365"]
[BlackElo "2535"]

1.Nf3 d5 2.g3 Nf6 3.Bg2 e6 4.O-O Be7 5.d4 O-O 6.c4 Nbd7 7.b3 b6 8.Bb2 Bb7
9.Nc3 c5 10.cxd5 Nxd5 11.dxc5 Nxc5 12.Nxd5 Bxd5 13.Rc1 Bf6 14.Bxf6 Qxf6 15.Qd4 Rfd8
16.Rfd1  1/2-1/2

[Event "BKL-Turnier"]
[Site "Leipzig"]
[Date "1979.??.??"]
[Round "1"]
[White "Hesse, Peter"]
[Black "Boehnisch, Manfred"]
[Result "1/2-1/2"]
[WhiteElo "2420"]
[BlackElo "2365"]

1.Nf3 d5 2.g3 Bf5 3.Bg2 Nf6 4.d3 Nbd7 5.O-O e5 6.Nbd2 c6 7.Qe1 Bc5 8.e4 dxe4
9.dxe4 Be6 10.b3 Qc7 11.Bb2 O-O 12.Qe2 b5 13.h3 h6 14.Nh4 Kh7 15.Kh1 Ng8
16.Rae1 a5 17.f4 exf4 18.gxf4 f6 19.e5 f5 20.Qh5 Ne7 21.Ne4 fxe4 22.Bxe4+ Kg8
23.Rf3 Bd5 24.Bxd5+ Nxd5 25.f5 Rae8 26.Ng6 Rf6 27.Re4 Nf8 28.Nh4 Qf7 29.Qg4 h5
30.Qg5 Nh7 31.Qg2 Rh6 32.e6 Qe7 33.Bxg7 Qxg7 34.Rg3 Re7 35.Re1 Nhf6 36.Rxg7+ Rxg7
37.Qf3 Ne7 38.Rd1 Rh8 39.Qc3 Ne4 40.Rd8+ Kh7 41.Rxh8+ Kxh8 42.Qe5 Ng3+ 43.Kh2 Nf1+
44.Kh1 Ng3+ 45.Kh2 Bf2 46.Ng6+ Kh7 47.Kg2 Ngxf5 48.Kxf2 Kxg6 49.a4 bxa4  1/2-1/2

[Event "BKL-Turnier"]
[Site "Leipzig"]
[Date "1979.??.??"]
[Round "3"]
[White "Hesse, Peter"]
[Black "Hennings, Artur"]
[Result "0-1"]
[WhiteElo "2420"]
[BlackElo "2450"]

1.Nf3 d5 2.g3 g6 3.Bg2 Bg7 4.d3 e5 5.O-O Ne7 6.e4 Nbc6 7.Nbd2 O-O 8.Re1 Re8
9.c3 a5 10.a4 h6 11.h3 Be6 12.Kh2 Kh7 13.exd5 Bxd5 14.Nb3 Qd6 15.d4 exd4
16.Bf4 Qd7 17.Nbxd4 Nxd4 18.cxd4 c6 19.h4 Nf5 20.Ne5 Qd8 21.Bh3 f6 22.Nf3 Rxe1
23.Nxe1 Nd6 24.Nd3 g5 25.hxg5 hxg5 26.Be3 Qe8 27.b4 Kg6 28.bxa5 Qh8 29.Qg4 Be4
30.Nf4+ Kh7 31.Ne6 Kg8 32.Nxg7 Kxg7 33.Qd7+ Nf7 34.Kg1 Rd8 35.Qe6 Re8 36.Qd7 Qh7
37.Bg2 Bxg2 38.Kxg2 Qe4+ 39.Kg1 Rh8  0-1

[Event "BKL-Turnier"]
[Site "Leipzig"]
[Date "1979.??.??"]
[Round "5"]
[White "Hesse, Peter"]
[Black "Vorotnikov, Vladislav V"]
[Result "1/2-1/2"]
[WhiteElo "2420"]
[BlackElo "2410"]

1.Nf3 d5 2.g3 c6 3.Bg2 Bg4 4.d3 Bxf3 5.Bxf3 e6 6.Nd2 Nd7 7.O-O Ngf6 8.Bg2 Bc5
9.e4 O-O 10.Qe2 Qe7 11.Kh1 a5 12.f4 dxe4 13.dxe4 e5 14.f5 h6 15.g4 Qd8 16.Rd1 Nh7
17.Nf3 Qe7 18.Rd3 Rfd8 19.Ne1 Bb6 20.Rg3 Qc5 21.Be3 Qb5 22.Nd3 Bxe3 23.Qxe3 c5
24.h4 c4 25.a4 Qc6 26.Nf2 Qb6 27.Qe2 Ndf8 28.g5 h5 29.b3 cxb3 30.cxb3 g6
31.Rf1 Rac8 32.Rf3 Qd4 33.Bh3 Rc6 34.Rd1 Qb6 35.Rxd8 Qxd8 36.Nd3 Qd4 37.Bf1 Nd7
38.fxg6 fxg6 39.Nf2 Nhf8 40.Rd3 Qb6 41.Qf3 Rc2 42.Kg1 Nc5 43.Rc3 Rxc3 44.Qxc3 Nfd7
45.Bc4+ Kf8 46.Qf3+ Ke7 47.Qf7+ Kd8 48.Kg2 Qd6 49.Bd5 Kc8 50.Qe8+  1/2-1/2

[Event "Lodz"]
[Site "Lodz"]
[Date "1979.??.??"]
[Round "4"]
[White "Kirov, Nino"]
[Black "Balinas, Rosendo Carrean"]
[Result "1-0"]
[WhiteElo "2420"]
[BlackElo "2365"]

1.Nf3 d5 2.g3 g6 3.Bg2 Bg7 4.d4 Nf6 5.O-O O-O 6.c4 c6 7.cxd5 cxd5 8.Ne5 Be6
9.Nc3 Nbd7 10.Nd3 Nb6 11.a4 Bf5 12.Nc5 Qc7 13.Bf4 Qc6 14.Qb3 Ne4 15.a5 Nxc3
16.bxc3 Nc4 17.e4 Bxe4 18.Bxe4 dxe4 19.Qxc4 e5 20.d5 Qc7 21.Be3 b6 22.d6 Qc6
23.axb6 axb6 24.Rxa8 Rxa8  1-0

[Event "Lodz"]
[Site "Lodz"]
[Date "1979.??.??"]
[Round "10"]
[White "Schinzel, Wladyslaw"]
[Black "Luczak, Andrzej"]
[Result "1/2-1/2"]
[WhiteElo "2400"]
[BlackElo "2440"]

1.Nf3 d5 2.g3 Nf6 3.Bg2 e6 4.O-O Be7 5.d3 O-O 6.Nbd2 c5 7.e4 dxe4 8.dxe4 Nc6
9.Re1 Qc7 10.c3 Rd8 11.Qc2 b6 12.Nc4 Ba6 13.Bf1 h6 14.Bf4 Qb7 15.a4 Rac8
16.h3 Ne8 17.Rad1  1/2-1/2

[Event "Lodz"]
[Site "Lodz"]
[Date "1979.??.??"]
[Round "15"]
[White "Kirov, Nino"]
[Black "Augustin, Josef"]
[Result "1/2-1/2"]
[WhiteElo "2420"]
[BlackElo "2430"]

1.g3 d5 2.Nf3 c6 3.Bg2 Bg4 4.d3 Nf6 5.Nbd2 Nbd7 6.h3 Bh5 7.O-O e5 8.e4 dxe4
9.dxe4 Qc7 10.Qe1 Bxf3 11.Bxf3 Be7 12.a4 O-O 13.Nc4 a5 14.Bd2 b6 15.Bg2 Rfe8
16.Kh1 Bf8 17.f4 exf4 18.Bxf4 Qb7 19.e5 Nd5 20.Qd2 Nc5 21.Ne3 Nxe3 22.Qxe3 Re6
23.Qc3 Rae8 24.Qc4  1/2-1/2

[Event "Lone Pine op"]
[Site "Lone Pine"]
[Date "1979.??.??"]
[Round "6"]
[White "Day, Lawrence A"]
[Black "Balinas, Rosendo Carrean"]
[Result "1-0"]
[WhiteElo "2375"]
[BlackElo "2365"]

1.Nf3 d5 2.g3 c5 3.Bg2 Nc6 4.d4 Nf6 5.O-O Qb6 6.dxc5 Qxc5 7.a3 Bf5 8.Ne1 e6
9.Nd2 Rd8 10.Nd3 Qb6 11.b3 e5 12.Bb2 e4 13.Bxf6 gxf6 14.Nf4 Ne5 15.e3 h5
16.c4 h4 17.Nxd5 Rxd5 18.cxd5 hxg3 19.hxg3 Bg4 20.Qc2 f5 21.Qc8+ Ke7 22.Rfc1 Qh6
23.Qxb7+ Kf6 24.Qa6+ Kg5 25.Qxh6+ Bxh6 26.Rc7 a5 27.Rac1 Bf8 28.Rc8 Bxa3
29.Rxh8 Bxc1 30.Nc4 Nxc4 31.bxc4 Ba3  1-0

[Event "Lone Pine op"]
[Site "Lone Pine"]
[Date "1979.??.??"]
[Round "8"]
[White "Biyiasas, Peter"]
[Black "Ree, Hans"]
[Result "0-1"]
[WhiteElo "2485"]
[BlackElo "2480"]

1.Nf3 d5 2.g3 c5 3.Bg2 Nc6 4.O-O e5 5.d3 Nf6 6.Nbd2 Be7 7.e4 O-O 8.c3 d4
9.c4 Bg4 10.h3 Bh5 11.g4 Bg6 12.Nh4 Ne8 13.Nf5 Bg5 14.Nb3 Bxc1 15.Nxc1 Nc7
16.Ne2 Ne6 17.Qd2 Qc7 18.f4 exf4 19.Nxf4 Nxf4 20.Rxf4 f6 21.Raf1 Bf7 22.h4 Be6
23.Qf2 Ne5 24.Qe2 g6 25.Nh6+ Kg7 26.g5 fxg5 27.Rxf8 Rxf8 28.Rxf8 Kxf8 29.hxg5 Qe7
30.Qf2+ Kg7 31.Qg3 Nxd3 32.Bf1 Bxc4 33.b3 Ne5 34.Bxc4 Qxg5 35.Nf5+ Kf6 36.Qxg5+ Kxg5
37.Nd6 b6 38.Nc8 Kf4 39.Bd5 Ke3 40.Nxa7 d3 41.Nb5 d2 42.Nc3 Kd3 43.Nd1 Kc2
44.Ne3+ Kc1 45.Kg2 Ng4  0-1

[Event "Naleczow"]
[Site "Naleczow"]
[Date "1979.??.??"]
[Round "11"]
[White "Jamroz, Zbigniew"]
[Black "Luczak, Andrzej"]
[Result "1/2-1/2"]
[WhiteElo "2345"]
[BlackElo "2440"]

1.Nf3 d5 2.g3 Nf6 3.Bg2 e6 4.d4 Be7 5.O-O O-O 6.c4 dxc4 7.Qa4 a6 8.Qxc4 b5
9.Qc2 Bb7 10.Bf4 Nd5 11.Bd2 Nd7 12.Nc3 N5f6 13.Ne5 Bxg2 14.Kxg2 Nxe5 15.dxe5 Nd7
16.f4 c5 17.Rad1 Qc7 18.Qe4 Rad8 19.Be3 c4 20.h4 Nc5 21.Bxc5 Bxc5 22.Kh3 Bb4
23.h5 h6 24.g4 Bxc3 25.bxc3 Qa5 26.Qc2 Rxd1 27.Rxd1 Rd8 28.Rd6 Kf8 29.Qd2 Rxd6
30.exd6 Qb6 31.e4 Ke8 32.e5 Kd7 33.a3 a5  1/2-1/2

[Event "Marshall op"]
[Site "New York"]
[Date "1979.??.??"]
[Round "2"]
[White "Meyer, E."]
[Black "Fuster, Geza"]
[Result "1-0"]
[WhiteElo "2360"]
[BlackElo "2300"]

1.Nf3 d5 2.g3 Nf6 3.Bg2 Bf5 4.O-O c6 5.d3 e6 6.Nbd2 Bc5 7.c4 h6 8.Nb3 Bb6
9.cxd5 exd5 10.Nbd4 Bh7 11.Bh3 O-O 12.Nf5 Kh8 13.Kg2 Re8 14.Qd2 Bxf5 15.Bxf5 Qe7
16.Qc3 Nbd7 17.Bf4 Rad8 18.Nd4 Nc5 19.b3 Ne6 20.Bxe6 fxe6 21.Nf3 Kg8 22.Ne5 Nh5
23.Bd2 Nf6 24.b4 Nd7 25.f4 d4 26.Qc4 Nxe5 27.fxe5 Rd5 28.Rf2 Rxe5 29.Raf1 Rd5
30.a4 a6 31.h4 Ba7 32.Qc1 Bb8 33.Bxh6 gxh6 34.Qxh6 Qg7 35.Qxg7+ Kxg7 36.Rf7+ Kg8
37.Rxb7 Bd6 38.Rff7 Bf8 39.g4 Rb8 40.Rg7+ Bxg7 41.Rxb8+ Bf8 42.Ra8 Re5 43.Kf2 Re3
44.Rxa6 Bxb4 45.Rxc6 Be7 46.g5 Kf7 47.a5 Rh3 48.a6 Rxh4 49.Rc8 Rf4+  1-0

[Event "ISL-ch"]
[Site "Reykjavik"]
[Date "1979.??.??"]
[Round "10"]
[White "Angantysson, Haukur"]
[Black "Sigurjonsson, Johann O"]
[Result "1-0"]
[WhiteElo "2400"]
[BlackElo "2260"]

1.Nf3 d5 2.g3 Nf6 3.Bg2 Bg4 4.O-O Nbd7 5.d3 c6 6.Nbd2 e6 7.b3 Bd6 8.Bb2 Qe7
9.e4 Ba3 10.Qc1 Bxb2 11.Qxb2 dxe4 12.Nxe4 O-O 13.Ned2 Rfd8 14.b4 Rac8 15.Nc4 Nd5
16.Rab1 N7b6 17.Nfe5 Bf5 18.Qb3 Nd7 19.Nxd7 Qxd7 20.a4 b5 21.axb5 cxb5 22.Ne3 Rc3
23.Qb2 Nxe3 24.Qxc3 Rc8 25.Qd2 Nxf1 26.Bxf1 Qd4 27.Qc1 Qc3 28.Ra1 Rc7 29.Qb1 h6
30.Ra2 Kh7 31.Qb2 Qe1 32.Qa3 Qb1 33.c4 bxc4 34.Ra1 Qc2 35.dxc4 Rd7 36.Rc1 Qe4
37.Qc3 Qd4 38.Qxd4 Rxd4 39.b5 Rd7 40.c5 Be4 41.Bg2 Bxg2 42.Kxg2 Kg8 43.c6 Rc7
44.Ra1 Kf8 45.Rxa7 Rxa7 46.b6 Ra6 47.c7  1-0

[Event "Stary Smokovec"]
[Site "Stary Smokovec"]
[Date "1979.??.??"]
[Round "?"]
[White "Novak, Ivan"]
[Black "Knezevic, Milorad"]
[Result "1/2-1/2"]
[WhiteElo "2340"]
[BlackElo "2500"]

1.g3 d5 2.Nf3 g6 3.Bg2 Bg7 4.d4 Nh6 5.O-O O-O 6.Nbd2 Nf5 7.c3 Nd6 8.Qb3 c6
9.e4 e6 10.Re1 Qb6 11.c4 Na6 12.e5 Qxb3 13.axb3 Nf5 14.Nf1 c5 15.cxd5 exd5
16.Ne3 Nb4 17.Rd1 Nxd4 18.Nxd4 cxd4 19.Rxd4 Nc6 20.Rxd5 Nxe5  1/2-1/2

[Event "DDR-ch 28th"]
[Site "Suhl"]
[Date "1979.??.??"]
[Round "9"]
[White "Hesse, Peter"]
[Black "Starck, Bodo"]
[Result "1/2-1/2"]
[WhiteElo "2420"]
[BlackElo "2305"]

1.Nf3 d5 2.g3 Nf6 3.Bg2 c6 4.d3 Bf5 5.Nh4 Bg4 6.h3 Bh5 7.g4 Bg6 8.Nd2 e6
9.Nxg6 hxg6 10.b3 Bc5 11.e3 Qd6 12.a3 a5 13.Bb2 Nbd7 14.Qe2 Qe7 15.d4 Bd6
16.c4 g5 17.O-O e5 18.b4 exd4 19.Bxd4 axb4 20.axb4 O-O 21.b5 Nc5 22.bxc6 bxc6
23.Rfd1 Ne6 24.Bxf6 gxf6 25.Rxa8 Rxa8 26.cxd5 Nf4 27.Qc4 Nxg2 28.Kxg2 cxd5
29.Qxd5 Rb8 30.Nf3 Be5 31.Rc1 Rd8 32.Qe4 Rb8 33.Rc4 Qd6 34.Rc6 Qe7 35.Nxe5 Qxe5
36.Qxe5 fxe5 37.Rc5 f6 38.Rc7 Rb2 39.Kf3 Ra2 40.Re7 Rb2 41.Kg3 Ra2 42.Rb7 Rc2
43.f3 Rc3 44.e4 Ra3 45.Rb1 Kg7 46.Rh1 Kg6 47.h4 gxh4+ 48.Rxh4 Ra1 49.Rh5 Kg7
50.Rf5 Kg6 51.Kg2 Ra2+ 52.Kh3 Ra1 53.g5 fxg5 54.Rxe5 Rb1 55.Re6+ Kh5 56.Rf6 Re1
57.Kg3 Re2 58.Rd6 Ra2 59.Rc6 Rb2 60.Rc8 Kg6 61.Rf8 Re2 62.Rg8+ Kf6 63.Rh8 Kg6
64.Rh2 Re1 65.Rb2 Ra1 66.Kf2 Ra3 67.Re2 Kf6 68.Re1 Ra2+ 69.Kg3 Rb2 70.Ra1 Kg6
71.Ra3 Rc2 72.f4 gxf4+ 73.Kxf4 Kf6  1/2-1/2

[Event "DDR-ch 28th"]
[Site "Suhl"]
[Date "1979.??.??"]
[Round "15"]
[White "Hesse, Peter"]
[Black "Boehnisch, Manfred"]
[Result "1/2-1/2"]
[WhiteElo "2420"]
[BlackElo "2365"]

1.Nf3 d5 2.g3 Nf6 3.Bg2 c6 4.d3 Bf5 5.O-O e6 6.b3 Nbd7 7.Bb2 Bc5 8.Nbd2 O-O
9.c4 h6 10.a3 a5 11.Qc1 Qe7 12.Bc3 b5 13.Nd4  1/2-1/2

[Event "SWE-ch"]
[Site "?"]
[Date "1979.??.??"]
[Round "?"]
[White "Becker, Johnny"]
[Black "Olsson, Ake"]
[Result "0-1"]
[WhiteElo "2200"]
[BlackElo "2200"]

1.Nf3 d5 2.g3 Nf6 3.Bg2 c6 4.O-O Bf5 5.d3 e6 6.Nbd2 h6 7.b3 Bc5 8.Bb2 O-O
9.e3 Qe7 10.a3 Nbd7 11.Qe2 Rfd8 12.Kh1 Bh7 13.e4 a5 14.e5 Ne8 15.Nh4 Nc7
16.a4 b5 17.f4 bxa4 18.bxa4 Rab8 19.Nb3 Bb4 20.f5 exf5 21.Nxf5 Bxf5 22.Rxf5 Ne6
23.Raf1 Rf8 24.Qg4 Ba3 25.Bc3 Bb4 26.Ba1 Bc5 27.Nxa5 Rb4 28.c4 Nb8 29.Nxc6 Nxc6
30.Bxd5 Ncd8 31.d4 Ba7 32.a5 Ra4 33.Bc3 Ra3 34.Bd2 Bxd4 35.Bxh6 Be3 36.Bxe3 Rxe3
37.a6 Qc7 38.Rh5 g6 39.Rh6 Rxe5 40.Qh4 Rh5 41.Rxh5 gxh5 42.Qxh5 Ng7 43.Qf3 Qa7
44.Qa3 Nde6 45.Qd6 Rd8 46.Qa3 Rd7 47.g4 Qd4 48.Qg3 Qb6 49.g5 Qxa6 50.Rg1 Qd6
51.g6 Qxg3 52.gxf7+ Kxf7 53.Rxg3 Kf6 54.Re3 Nd4 55.Kg2 Ngf5 56.Ra3 Re7 57.Ra2 Re3
58.h3 Ke5 59.Rf2 Ne2 60.Rf3 Nf4+ 61.Kf1 Re2 62.h4 Ne3+ 63.Kg1 Ng4  0-1

[Event "SWE-ch"]
[Site "?"]
[Date "1979.??.??"]
[Round "?"]
[White "Karlsson, Lars"]
[Black "Bjork, Carl Magnus"]
[Result "1-0"]
[WhiteElo "2375"]
[BlackElo "2200"]

1.Nf3 d5 2.g3 Nf6 3.Bg2 c6 4.O-O Bg4 5.c4 e6 6.d4 Nbd7 7.b3 Be7 8.Bb2 O-O
9.Nc3 Re8 10.h3 Bh5 11.g4 Bg6 12.Nh4 Bd6 13.Nxg6 hxg6 14.c5 Bf8 15.f4 b6
16.b4 a5 17.a3 Qc7 18.Qc2 Ra7 19.e3 Rb8 20.Rfc1 axb4 21.axb4 Rab7 22.Rcb1 Be7
23.Bc1 Nf8 24.g5 Nh5 25.Ne2 Qd7 26.e4 Qc7 27.e5 Bd8 28.Bd2 Qc8 29.Ra3 Nd7
30.Rba1 Be7 31.Ra7 bxc5 32.Rxb7 Qxb7 33.dxc5 Ra8 34.Rxa8+ Qxa8 35.Kf2 Qa3
36.Bf3 Nb8 37.Nd4 Qa1 38.Nb3 Qa4 39.Bd1 Qa3 40.Qc1 Qa6 41.Qb1 Nd7 42.Qc2 Bf8
43.Na5 Nxf4 44.Bxf4 Bxc5+ 45.Kg2 Bxb4 46.Nxc6 Bf8 47.Qa4 Qd3 48.Qc2 Qa3 49.Nd4 Nc5
50.Bf3 Nd3 51.Bg3 Nb4 52.Qb3 Qc1 53.h4 Qd2+ 54.Ne2 Na6 55.Bf4 Qe1 56.Bg3 Qd2
57.Qc3 Qa2 58.Bf2 Qa4 59.Qc8 Qa3 60.h5 gxh5 61.g6 Nc5 62.gxf7+ Kxf7 63.Bxh5+ Kg8
64.Bxc5 Qxc5 65.Qxe6+ Kh8 66.Qh3  1-0

[Event "SWE-ch"]
[Site "?"]
[Date "1979.??.??"]
[Round "?"]
[White "Karlsson, Lars"]
[Black "Bergstrom, Christer"]
[Result "1/2-1/2"]
[WhiteElo "2375"]
[BlackElo "2200"]

1.Nf3 d5 2.g3 Nf6 3.Bg2 c6 4.b3 Bf5 5.Bb2 e6 6.O-O Be7 7.d3 h6 8.Nbd2 O-O
9.c4 a5 10.a3 Nbd7 11.Bc3 Bh7 12.b4 axb4 13.axb4 Qc7 14.Qb3 dxc4 15.Nxc4 Nd5
16.Bd2 b5 17.Ne3 Qd6 18.Nxd5 cxd5 19.Ra5 Bf6 20.Rc1 Rfb8 21.Qa2 Rxa5 22.Qxa5 Bf5
23.Qa7 Nb6 24.Be3 Nc8 25.Bc5 Nxa7 26.Bxd6 Rc8 27.Rxc8+ Nxc8 28.Bc5 Bg4 29.e3 Ne7
30.d4 Nc6 31.Nd2 Be2 32.Nb1 Be7 33.Nc3 Bc4 34.Bxe7 Nxe7 35.Bf1 Bxf1  1/2-1/2

[Event "URS-ch (Women)"]
[Site "Tbilisi"]
[Date "1979.??.??"]
[Round "4"]
[White "Minogina, Tanam"]
[Black "Popivoda, Radimia"]
[Result "1/2-1/2"]
[WhiteElo "2000"]
[BlackElo "2000"]

1.Nf3 d5 2.g3 c6 3.Bg2 Bf5 4.d3 Nf6 5.O-O e6 6.Nbd2 Bc5 7.Qe1 O-O 8.e4 dxe4
9.dxe4 Bg6 10.Ne5 Nbd7 11.Nxg6 hxg6 12.Qe2 Qc7 13.Nc4 b5 14.Nd2 e5 15.a4 a6
16.Kh1 Rfe8 17.Nb3 Bb6 18.c3 c5 19.c4 bxa4 20.Rxa4 Qc6 21.Ra3 a5 22.Na1 Nf8
23.f4 Ne6 24.Nc2 Bc7 25.f5 Nd4 26.Nxd4 cxd4 27.fxg6 fxg6 28.Bd2 Qb6 29.Bg5 Bd6
30.Raf3 Be7 31.Bc1 a4 32.Re1 Rec8 33.Bf1 Bb4 34.Bd2 Rab8 35.Bxb4 Qxb4 36.Ra3 Qxb2
37.Rxa4 Qxe2 38.Bxe2 Nxe4 39.Bf3 Nc5 40.Ra5 Nd3 41.Bd5+ Kh7 42.Re2 Rb2 43.Rxb2 Nxb2
44.Rb5 Na4 45.Be6 Re8 46.Rxe5 d3 47.Re4 Kh6 48.Rh4+ Kg5 49.Bd7 Re1+ 50.Kg2 Nc5
51.Rd4 Nxd7 52.h4+ Kh6 53.Rxd7 Rc1 54.Rxd3 Rxc4 55.Rd5 Rb4 56.Kh3 Ra4 57.Rd8 Kh7  1/2-1/2

[Event "URS Spartakiad"]
[Site "URS"]
[Date "1979.??.??"]
[Round "?"]
[White "Kochyev, Alexander"]
[Black "Slepoy, I."]
[Result "1-0"]
[WhiteElo "2545"]
[BlackElo "2200"]

1.Nf3 d5 2.g3 Nf6 3.Bg2 e6 4.O-O Be7 5.c4 O-O 6.d4 Nbd7 7.Qc2 c6 8.Nbd2 b6
9.e4 Ba6 10.b3 Rc8 11.Re1 c5 12.e5 Ne8 13.cxd5 cxd4 14.Qd1 exd5 15.Nxd4 Nc5
16.Ba3 Qd7 17.Qh5 g6 18.Qh6 Ng7 19.Bh3 Nce6 20.N2f3 Qd8 21.Bxe7 Qxe7 22.Rad1 Rc3
23.Bg4 Bb7 24.h4 Nxd4 25.Ng5 Qxg5 26.Qxg5 Nge6 27.Qe7 Rc7 28.Qxc7 Nxc7 29.Rxd4 Ne6
30.Bxe6 fxe6 31.Rc1 Rf7 32.a4  1-0

[Event "URS Spartakiad"]
[Site "URS"]
[Date "1979.??.??"]
[Round "?"]
[White "Romanishin, Oleg M"]
[Black "Piesina, Gintautas"]
[Result "1-0"]
[WhiteElo "2560"]
[BlackElo "2200"]

1.Nf3 d5 2.g3 c6 3.Bg2 Nf6 4.O-O Bf5 5.c4 e6 6.Qb3 Qb6 7.d3 Nbd7 8.Be3 Bc5
9.Bxc5 Nxc5 10.Qc3 Ncd7 11.Nbd2 O-O 12.b4 Rfe8 13.a4 a5 14.Rfb1 axb4 15.Rxb4 Qa7
16.Qb2 Rab8 17.h3 h6 18.Rb1 Nc5 19.Ne5 Rbd8 20.Ra1 Re7 21.a5 Rc7 22.g4 Bh7
23.Ndf3 Ne8 24.Nd4 Nd6 25.cxd5 exd5 26.Rb6 Nc8 27.Nexc6 Rxc6 28.Nxc6 bxc6
29.Rxc6 Ne6 30.a6 Nd4 31.Rc3 Nd6 32.e3 Rb8 33.Qxb8+ Qxb8 34.a7 Qa8 35.exd4 Be4
36.dxe4  1-0

[Event "URS Spartakiad"]
[Site "URS"]
[Date "1979.??.??"]
[Round "?"]
[White "Gutman, Lev"]
[Black "Shereshevski, Mikhail"]
[Result "1/2-1/2"]
[WhiteElo "2430"]
[BlackElo "2460"]

1.Nf3 d5 2.g3 Nc6 3.d4 Bg4 4.Bg2 Qd7 5.c3 O-O-O 6.b4 f6 7.Nbd2 Nh6 8.O-O Nf7
9.Nb3 e5 10.dxe5 Ncxe5 11.Be3 Nc4 12.Bc5 Nfe5 13.a4 Bxc5 14.Nxc5 Qd6 15.Nd4 Kb8
16.h3 Bc8 17.e4 c6 18.a5 h5 19.exd5 cxd5 20.a6 b6 21.Nb7 Bxb7 22.axb7 Qd7
23.Qe2 Rde8 24.f4 Nf7 25.Qa2 Qxb7 26.b5 Nd8 27.Qxc4 dxc4 28.Bxb7 Kxb7 29.Rfd1 g6
30.Nc6 a5 31.Rd7+ Kc8 32.Rd6 Re3 33.Rad1 Rxg3+ 34.Kf2 Rd3 35.R1xd3 cxd3 36.Ne7+ Kc7
37.Rxf6 Kd7 38.Nd5 Ne6 39.Ke3 Kd6 40.c4 Re8 41.Kxd3 a4  1/2-1/2

[Event "URS Spartakiad"]
[Site "URS"]
[Date "1979.??.??"]
[Round "?"]
[White "Vladimirov, Evgeny"]
[Black "Govbinder, Mikhail Y"]
[Result "1-0"]
[WhiteElo "2445"]
[BlackElo "2200"]

1.Nf3 d5 2.g3 Nf6 3.Bg2 Bf5 4.d3 c6 5.Nbd2 e6 6.b3 h6 7.Bb2 Be7 8.O-O O-O
9.Qe1 Bh7 10.e4 dxe4 11.dxe4 Nbd7 12.Qe2 Qc7 13.Rad1 Rfd8 14.a3 Nc5 15.Ne5 Ne8
16.Nec4 Bf6 17.e5 Be7 18.Ne3 Rd7 19.Ba1 a5 20.a4 Rad8 21.Ndc4 Na6 22.Rxd7 Rxd7
23.Rd1 Rxd1+ 24.Nxd1 Nb4 25.Be4 Bxe4 26.Qxe4 Bc5 27.Bc3 b6 28.Ndb2 Qd7 29.Bxb4 axb4
30.Nd3 Qd5 31.Nxc5 Qxc5 32.Qe3 Qxe3 33.fxe3 b5 34.axb5 cxb5 35.Na5 Nc7 36.e4 Kf8
37.Kf2 Na6 38.Ke3 Ke8 39.Nc6 Kd7 40.Na7 Nc7 41.Kd4 Na6 42.Nxb5 f6 43.exf6  1-0

[Event "Warszawa Cup5-A"]
[Site "Warsaw"]
[Date "1979.??.??"]
[Round "1"]
[White "Schinzel, Wladyslaw"]
[Black "Gonsior, Evzen"]
[Result "0-1"]
[WhiteElo "2400"]
[BlackElo "2390"]

1.Nf3 d5 2.g3 c5 3.Bg2 Nc6 4.O-O e6 5.d3 Bd6 6.c4 Nf6 7.Nc3 d4 8.Nb5 O-O
9.Nxd6 Qxd6 10.Bd2 e5 11.a3 Re8 12.b4 e4 13.Ng5 Bf5 14.Bf4 Qd7 15.bxc5 h6
16.Nxe4 Bxe4 17.dxe4 Nxe4 18.Bxe4 Rxe4 19.Ra2 g5 20.Bc1 Rae8 21.e3 g4 22.f3 gxf3
23.Raf2 Qg4 24.Rxf3 dxe3 25.Qd5 Qe6 26.Bb2 e2 27.Re1 Rxc4 28.Qd3 Qe4 29.Qd7 Qe7
30.Qd2 Qxc5+ 31.Kg2 Rc2 32.Qd7 Qe7 33.Qg4+ Qg5 34.Qd7 Rf8 35.Bf6 Rd2 36.Qxb7 Qd5
37.Kf2 Qc5+ 38.Kg2 Qd5 39.Kf2 Qe6 40.Rf4 Re8 41.Kg2 Rd1 42.Bc3 Rd3 43.Qb2 h5
44.Bh8 Ne5 45.Bxe5 Qd5+ 46.Kf2 Rxe5 47.Qb8+ Kg7 48.Qxa7 Rf5 49.Rxe2 Rxf4+
50.gxf4 Qf3+ 51.Ke1 Qh1+ 52.Kf2 Rf3+  0-1

[Event "Warsaw zt final"]
[Site "Warsaw"]
[Date "1979.??.??"]
[Round "1"]
[White "Smejkal, Jan"]
[Black "Prandstetter, Eduard"]
[Result "1-0"]
[WhiteElo "2550"]
[BlackElo "2385"]

1.Nf3 d5 2.g3 g6 3.c4 d4 4.b4 Bg7 5.Bb2 e5 6.d3 Ne7 7.Bg2 O-O 8.O-O a5 9.b5 c6
10.Ba3 f5 11.Nbd2 Re8 12.Rb1 Bf6 13.Qc2 Kg7 14.e3 dxe3 15.fxe3 g5 16.h3 Ng6
17.c5 h5 18.Nc4 g4 19.hxg4 hxg4 20.Nfd2 f4 21.bxc6 Nxc6 22.Bxc6 bxc6 23.Ne4 Ba6
24.Ncd6 Rh8 25.exf4 Nxf4 26.gxf4 Rh3 27.Kg2 Kh8 28.Nf7+  1-0

[Event "Warszawa Cup5-A"]
[Site "Warsaw"]
[Date "1979.??.??"]
[Round "4"]
[White "Kirov, Nino"]
[Black "Luczak, Andrzej"]
[Result "1/2-1/2"]
[WhiteElo "2420"]
[BlackElo "2440"]

1.Nf3 d5 2.g3 Nf6 3.Bg2 e6 4.O-O Be7 5.d4 O-O 6.c4 dxc4 7.Qc2 a6 8.a4 b6
9.Qxc4 Bb7 10.Nc3 b5 11.Qb3 b4 12.a5 Nbd7 13.Na4 Bd5 14.Qc2 Be4 15.Qc4 Bd5
16.Qc2 Be4 17.Qd1 Rb8 18.Nd2 Bxg2 19.Kxg2  1/2-1/2

[Event "Warsaw zt final"]
[Site "Warsaw"]
[Date "1979.??.??"]
[Round "4"]
[White "Sznapik, Aleksander"]
[Black "Prandstetter, Eduard"]
[Result "0-1"]
[WhiteElo "2435"]
[BlackElo "2385"]

1.Nf3 d5 2.g3 Nf6 3.Bg2 e6 4.O-O Be7 5.c4 O-O 6.b3 c5 7.Bb2 Nc6 8.e3 dxc4
9.bxc4 Qb6 10.Qb3 Na5 11.Qxb6 axb6 12.Rc1 Rd8 13.Kf1 Bd7 14.Ne5 Be8 15.Ke2 b5
16.d3 Nd7 17.Nd2 Nxe5 18.Bxe5 Bc6 19.Bxc6 Nxc6 20.Bc7 Rd7 21.Bb6 Nb4 22.cxb5 Nxd3
23.Rcb1 Bf6 24.a4 Bxa1 25.Rxa1 Nb2 26.Nb3 Nxa4 27.Ba5 c4  0-1

[Event "Warszawa Cup5-A"]
[Site "Warsaw"]
[Date "1979.??.??"]
[Round "6"]
[White "Luczak, Andrzej"]
[Black "Ciric, Dragoljub M"]
[Result "1/2-1/2"]
[WhiteElo "2440"]
[BlackElo "2440"]

1.Nf3 d5 2.g3 c6 3.Bg2 Bg4 4.O-O Nd7 5.d3 Ngf6 6.b3 e5 7.Bb2 Bxf3 8.Bxf3 Bc5
9.Nd2 O-O 10.c4 Qe7 11.Bg2 Ba3 12.Bxa3 Qxa3 13.Qc1 Qd6 14.Qb2 a5 15.a3 b5
16.cxb5 cxb5 17.Rfc1 Rfc8 18.Bh3 g6 19.Nf3 d4  1/2-1/2

[Event "Hoogovens"]
[Site "Wijk aan Zee"]
[Date "1979.??.??"]
[Round "9"]
[White "Nikolac, Juraj"]
[Black "Sosonko, Gennadi"]
[Result "1/2-1/2"]
[WhiteElo "2450"]
[BlackElo "2535"]

1.Nf3 d5 2.g3 Nf6 3.Bg2 c5 4.O-O Nc6 5.d3 e5 6.Bg5 Be7 7.Nfd2 Ng8 8.Bxe7 Ngxe7
9.e4 d4 10.f4 O-O 11.f5 f6 12.a4 b6 13.Nf3 a6 14.Rf2 Bd7 15.Bf1 Nc8 16.Nbd2 Nd6
17.Be2 b5 18.g4 Rb8 19.axb5 axb5 20.Rg2 Nf7 21.h4 h6 22.Kf2 Nb4 23.Nb3 c4
24.Nc5 Rc8 25.Nxd7 Qxd7 26.g5 fxg5 27.hxg5 hxg5 28.Nxg5 Nxg5 29.Rxg5 cxd3
30.Bxd3 Rf7 31.Kg1 Rf6 32.Rg2 Nxd3 33.cxd3 Qf7 34.Rc1 Rfc6 35.Rxc6 Rxc6 36.Qd2 Qh5
37.Rg3 Rh6 38.Kf2 Qh1 39.Rg2 Qh4+ 40.Rg3 Qh1  1/2-1/2

[Event "IBM-C"]
[Site "Amsterdam"]
[Date "1980.??.??"]
[Round "?"]
[White "Vogel, Jaap"]
[Black "Enklaar, Bertus F"]
[Result "0-1"]
[WhiteElo "2315"]
[BlackElo "2395"]

1.Nf3 d5 2.g3 c6 3.b3 Bg4 4.Bb2 Nd7 5.Bg2 Ngf6 6.d3 e6 7.Nbd2 Bd6 8.O-O O-O
9.h3 Bh5 10.e4 Ne8 11.Qe1 Qa5 12.a3 Nc7 13.c4 Rfe8 14.b4 Qa6 15.e5 Be7 16.Nd4 c5
17.b5 Qa4 18.Ne2 Qc2 19.Qc1 Qxd3 20.Nf4 Qf5 21.cxd5 exd5 22.Qb1 Bg6 23.Qxf5 Bxf5
24.Nxd5 Nxd5 25.Bxd5 Bxh3 26.Rfe1 Rab8 27.Nc4 Nf8 28.Na5 Bc8 29.Rad1 Bd8
30.Nc4 Bc7 31.a4 Bd7 32.Rd2 Red8 33.Red1 Bg4 34.f3 Rxd5 35.Rxd5 Bxf3 36.Rxc5 Bxd1
37.Rxc7 Ne6 38.Re7 Bxa4 39.Nd6 Ng5 40.Bc1 Nf3+ 41.Kg2 Nd4 42.Be3 Nxb5 43.Nxf7 Bb3
44.Nd6 Kf8 45.Nf5 Re8 46.Rxg7 Rxe5 47.Bh6 Ke8 48.g4 Bc2 49.Rxh7 Bxf5 50.gxf5 Re7
51.Rh8+ Kd7 52.Kg3 Nd6 53.Kf4 Re4+ 54.Kf3 Re5 55.Rh7+ Kc8 56.Bf4 Rxf5 57.Ke3 Rd5  0-1